Women's Basketball Players by Picture #1 - Statistics

General Stats
  • This quiz has been taken 32 times
  • The average score is 6 of 10
Answer Stats
Picture Hint Answer % Correct
2025 ROTY, NCAA champion Paige Bueckers
97%
2025 AP player of the year Juju Watkins
90%
3x WNBA champion, 2x EuroLeauge champion Breanna Stewart
81%
3x WNBA All-Star, NCAA champion Allisha Gray
74%
6x WNBA All-Star, 3x WNBA All-Defensive First Team Alyssa Thomas
71%
3x WNBA champion, 2x WNBA MVP, 2x NCAA champion Candace Parker
71%
4x WNBA champion, 2014 WNBA MVP, 2x NCAA champion Maya Moore
61%
WNBA champion, 6x EuroLeauge champion Emma Meesseman
32%
First-team All-Big East 2022 Olivia Nelson-Ododa
29%
WNBA champion Iliana Rupert
19%
No matching quizzes found
Score Distribution
Percent of People with Each Score
Percentile by Number Answered
Your Score History
You have not taken this quiz